LEADER 02415nlm0 22006371i 450 001 990009257270403321 010 $a9783540876984 035 $a000925727 035 $aFED01000925727 035 $a(Aleph)000925727FED01 035 $a000925727 100 $a20100926d2008----km-y0itay50------ba 101 0 $aeng 102 $aDE 135 $adrnn-008mamaa 200 1 $aComputer Safety, Reliability, and Security$bRisorsa elettronica$e27th International Conference, SAFECOMP 2008 Newcastle upon Tyne, UK, September 22-25, 2008 Proceedings$fedited by David Hutchison, Takeo Kanade, Josef Kittler, Jon M. Kleinberg, Friedemann Mattern, John C. Mitchell, Moni Naor, Oscar Nierstrasz, C. Pandu Rangan, Bernhard Steffen, Madhu Sudan, Demetri Terzopoulos, Doug Tygar, Moshe Y. Vardi, Gerhard Weikum, Michael D. Harrison, Mark-Alexander Sujan 210 $aBerlin ; Heidelberg$cSpringer$d2008 225 1 $aLecture Notes in Computer Science$x0302-9743$v5219 230 $aDocumento elettronico 336 $aTesto 337 $aFormato html, pdf 702 1$aHarrison,$bMichael D. 702 1$aHutchison,$bDavid 702 1$aKanade,$bTakeo 702 1$aKittler,$bJosef 702 1$aKleinberg,$bJon M. 702 1$aMattern,$bFriedemann 702 1$aMitchell,$bJohn C. 702 1$aNaor,$bMoni 702 1$aNierstrasz,$bOscar 702 1$aPandu Rangan,$bC. 702 1$aSteffen,$bBernhard 702 1$aSudan,$bMadhu 702 1$aSujan,$bMark-Alexander 702 1$aTerzopoulos,$bDemetri 702 1$aTygar,$bDoug 702 1$aVardi,$bMoshe Y. 702 1$aWeikum,$bGerhard 801 0$aIT$bUNINA$gREICAT$2UNIMARC 856 4 $zFull text per gli utenti Federico II$uhttp://dx.doi.org/10.1007/978-3-540-87698-4 901 $aEB 912 $a990009257270403321 961 $aCoding and Information Theory 961 $aCoding theory 961 $aComputer Science 961 $aData protection 961 $aInformation Systems 961 $aLogic design 961 $aLogics and Meanings of Programs 961 $aManagement of Computing and Information Systems 961 $aSoftware engineering 961 $aSoftware Engineering/Programming and Operating Systems 961 $aSpecial Purpose and Application-Based Systems 961 $aSystems and Data Security 996 $aComputer Safety, Reliability, and Security$9772429 997 $aUNINA LEADER 01406nam--2200409---450- 001 990002400490203316 005 20100702163126.0 010 $a88-387-2974-3 035 $a000240049 035 $aUSA01000240049 035 $a(ALEPH)000240049USA01 035 $a000240049 100 $a20050218d2004----km-y0enga50------ba 101 $aita 102 $aIT 105 $ay|||z|||001yy 200 1 $aVersamenti contributivi e tutela previdenziale del lavoratore pubblico e privato$ericomposizione e integrazione della posizione assicurativa$fAntonino Sgroi 210 $aSantarcangelo di Romagna$cMaggioli$d2004 215 $a224 p.$d24 cm 225 2 $aLegale$iAttualitą del diritto$v38 410 0$12001$aLegale$v38 454 1$12001 461 1$1001-------$12001 606 0 $aPensioni$xLegislazione 676 $a344.4502 700 1$aSGROI,$bAntonino$0572314 801 0$aIT$bsalbc$gISBD 912 $a990002400490203316 951 $aXXX.A. Coll. 99/ 67 (COLL. STY 38)$b44524 G.$cXXX.A. Coll. 99/ 67 (COLL. STY)$d00124000 959 $aBK 969 $aGIU 979 $aACQUISTI$b10$c20050218$lUSA01$h1306 979 $aFIORELLA$b90$c20050411$lUSA01$h1100 979 $aFIORELLA$b90$c20050411$lUSA01$h1110 979 $aRSIAV4$b90$c20100702$lUSA01$h1631 996 $aVersamenti contributivi e tutela previdenziale del lavoratore pubblico e privato$91065645 997 $aUNISA LEADER 05180nam 22006251 450 001 9910784166003321 005 20200514202323.0 010 $a1-4725-6369-7 010 $a1-280-80836-5 010 $a9786610808366 010 $a1-84731-095-8 024 3 $a9781841135909 (pbk.) 035 $a(CKB)1000000000338373 035 $a(EBL)270798 035 $a(OCoLC)476005546 035 $a(SSID)ssj0000155599 035 $a(PQKBManifestationID)12037637 035 $a(PQKBTitleCode)TC0000155599 035 $a(PQKBWorkID)10111540 035 $a(PQKB)11183968 035 $a(MiAaPQ)EBC1772721 035 $a(MiAaPQ)EBC270798 035 $a(OCoLC)1152648927 035 $a(UtOrBLW)bpp09256339 035 $a(Au-PeEL)EBL270798 035 $a(OCoLC)437173018 035 $a(EXLCZ)991000000000338373 100 $a20140929d2006 uy 0 101 0 $aeng 135 $aur|n|---||||| 181 $ctxt 182 $cc 183 $acr 200 14$aThe first women lawyers $ea comparative study of gender, law and the legal professions /$fMary Jane Mossman 205 $a1st ed. 210 1$aOxford, England ;$aPortland, OR :$cHart Publishing,$d2006. 215 $a1 online resource (342 p.) 300 $aIncludes bibliographical references(pages 291-316) and index. 311 $a1-84113-590-9 320 $aIncludes bibliography and index. 327 $aIntroduction The First Women Lawyers -- Prologue: Contemporary Questions about Women as Lawyers -- Rethinking the First Women Lawyers: Themes of Gender, Professionalism and Women's Lives -- Toward a Comparative History: Introducing the First Women Lawyers -- 1 American Pioneers: The First Women Lawyers -- A Century of Struggle -- The Context for the First Women Lawyers: New Ideas about Women's Equality and Legal Professionalism -- Constitutionalising (In)Equality for Women Lawyers -- Women's Rights and Professional Identities -- 2 Women Lawyers in Canada: Becoming Lawyers 'On the Same Terms as Men' -- Women as 'Fellow Lawyers' -- The Context for the First Women Lawyers in Canada: Reformist Ideas about Professionalism and Women's Roles -- 'Persons,' Pronouns, and Policy Choices: Judicial Reasoning in French and Langstaff -- Contested Ideas: New Women and Legal Professionalism -- 3 'Sound Women' and Legal Work: The First Women in Law in Britain -- Women's Access to the Legal Professions in Britain -- Eliza Orme: Challenging 'Woman's Sphere' and a 'Gentleman's Profession' -- A Woman in Law in the Public Sphere -- Eliza Orme and the Gender Issue -- 4 Colonies of the British Empire: The First Woman Lawyer in New Zealand -- Women Lawyers in the Colonies -- Ethel Benjamin -- A 'Rebel [Extending] the Boundary of the Right'? -- 5 The Empire and British India: The First Indian Woman 'In Law' -- A Woman Pleading in a British Court in India: 1896 -- Becoming a Woman in Law in India -- Cornelia Sorabji: 'No Peer Among the Women of India' -- 6 European Connections: Women in Law and the Role of Louis Frank -- La Femme-Avocat and European Women Lawyers -- Lydia Poe?t, Marie Popelin and Jeanne Chauvin: Louis Frank's Support for Women in Law -- The Context of L'Affaire Chauvin -- Conclusion Reflecting on the First Women Lawyers 330 8 $aThis comparative study explores the lives of some of the women who first initiated challenges to male exclusivity in the legal professions in the late-nineteenth and early-twentieth centuries. Their challenges took place at a time of considerable optimism about progressive societal change, including new and expanding opportunities for women, as well as a variety of proposals for reforming law, legal education, and standards of legal professionalism. By situating women's claims for admission to the bar within this reformist context in different jurisdictions, the study examines the intersection of historical ideas about gender and about legal professionalism at the turn of the twentieth century. In exploring these systemic issues, the study also provides detailed examinations of the lives of some of the first women lawyers in six jurisdictions: the United States, Canada, Britain, New Zealand and Australia, India, and western Europe. In exploring how individual women adopted different legal arguments in litigated cases, or devised particular strategies to overcome barriers to professional work, the study assesses how shifting and contested ideas about gender and about legal professionalism shaped women's opportunities and choices, as well as both support for and opposition to their claims. As a comparative study of the first women lawyers in several different jurisdictions, the book reveals how a number of quite different women engaged with ideas of gender and legal professionalism at the turn of the twentieth century 606 $aWomen lawyers 606 $2Human rights & civil liberties law 615 0$aWomen lawyers. 676 $a340 676 $a340.082 700 $aMossman$b Mary Jane$0522955 801 0$bUtOrBLW 801 1$bUtOrBLW 801 2$bUkLoBP 906 $aBOOK 912 $a9910784166003321 996 $aThe first women lawyers$93818642 997 $aUNINA